|
|
|
|
| LEADER |
00000cam a2200000 a 4500 |
| 001 |
vtls008355782 |
| 003 |
SK-MaSNL |
| 005 |
20260302003914.0 |
| 008 |
190102s1975 xo a gr 000 f slo |
| 015 |
|
|
|a SKSNBA1975/11-02878
|
| 035 |
|
|
|a SK01SNK19750047999
|
| 035 |
|
|
|a SKM000050462
|
| 040 |
|
|
|a SNK
|b slo
|c SNK
|e AACR2
|
| 041 |
1 |
|
|a slo
|h nor
|
| 044 |
|
|
|a xo
|c SK
|
| 080 |
|
|
|a 839.6-3
|2 1981
|
| 100 |
1 |
|
|a Nedreaas, Torborg
|4 aut
|9 63383
|
| 240 |
1 |
0 |
|a Av måneskinn gror det ingenting
|l Slovensky
|
| 245 |
1 |
0 |
|a Pri mesačnom svite nič nerastie
|c Torborg Nedreaas ; z nórskeho originálu Av måneskinn gror det ingenting preložil Ladislav Obuch ; kresby František Hübel
|
| 250 |
|
|
|a 1. vyd.
|
| 260 |
|
|
|a Bratislava
|b Slovenský spisovateľ
|c 1975
|e Martin
|f Tlačiarne SNP
|
| 300 |
|
|
|a 180, [3] s.
|c 8°
|
| 490 |
1 |
|
|a SPKK
|v zv. 323
|
| 500 |
|
|
|a Ilustr. tit. dvojlist
|
| 563 |
|
|
|a 45000 výtl.
|
| 650 |
0 |
7 |
|a umelecká literatúra
|2 SNKPH
|9 1488
|
| 655 |
|
7 |
|a ľúbostné romány
|2 SNKPH
|9 70497
|
| 655 |
|
7 |
|a nórske romány
|2 SNKPH
|9 1565
|
| 700 |
1 |
|
|a Obuch, Ladislav,
|d 1926-1981
|4 trl
|9 117854
|
| 700 |
1 |
|
|a Hübel, František,
|d 1934-1978
|4 ill
|9 120570
|
| 730 |
|
|
|a Av måneskinn gror det ingenting
|9 643232
|
| 830 |
|
0 |
|a Spoločnosť priateľov krásnych kníh
|9 74287
|
| 852 |
|
|
|a Slovenská národná knižnica v Martine
|b 10000
|h SC 37511
|
| 852 |
|
|
|a Slovenská národná knižnica v Martine
|b 10000
|h SC 37511 D1
|
| 919 |
|
|
|a viaz.
|
| 958 |
|
|
|a OND
|
| 958 |
|
|
|a RK
|
| 958 |
|
|
|a TL
|
| 958 |
|
|
|a NO
|
| 958 |
|
|
|a UP
|
| 958 |
|
|
|a LX
|
| 999 |
|
|
|c 993813
|d 995743
|
| 952 |
|
|
|a SNK
|b SNK
|y PREZ
|7 0
|p 17A1152242
|o snkSC 37511 D1
|i snkKSP 7119/75
|0 0
|1 0
|4 0
|d 2017-05-05
|l 0
|r 2026-02-24 11:57:03
|w 2026-02-24
|